[Event "25th European Teams Women"]
[Site "Batumi GEO"]
[Date "2025.10.09"]
[Round "5.3"]
[Board "2"]
[White "Krasteva, Beloslava"]
[Black "Ushenina, Anna"]
[Result "1/2-1/2"]
[WhiteTitle "FM"]
[BlackTitle "GM"]
[WhiteElo "2316"]
[BlackElo "2407"]
[WhiteTeam "Bulgaria"]
[BlackTeam "Ukraine"]
[WhiteFideId "2922029"]
[BlackFideId "14110911"]
[EventDate "2025.10.05"]

1. d4 d5 2. c4 c6 3. cxd5 cxd5 4. Bf4 Nf6 5. Nc3 e6 6. e3 Bd6 7. Bxd6 Qxd6 8.
Bd3 O-O 9. Rc1 Qb6 10. Qe2 Bd7 11. Nf3 a6 12. a3 Nc6 13. O-O Na7 14. Ne5 Bb5 15.
Nxb5 Nxb5 16. Bxb5 axb5 17. Rc5 b4 18. axb4 Qxb4 19. Qb5 Qxb5 20. Rxb5 Rab8 21.
g4 Rfd8 22. Rc1 Nd7 23. Rc7 Nxe5 24. dxe5 g5 25. Rb4 Rdc8 26. Rxc8+ Rxc8 27.
Rxb7 Rc4 28. h3 d4 29. exd4 Rxd4 30. Rb5 Kg7 31. Kg2 Rd3 32. Rb4 Rd2 33. Kf3
Rd3+ 34. Kg2 Rd2 35. Kg3 Rd3+ 36. f3 Rd5 37. Re4 Rd2 38. b4 h5 39. h4 Kg6 40.
hxg5 Kxg5 41. gxh5 Kxh5 42. Kf4 Rd3 43. Rc4 Rb3 44. Rd4 Kg6 45. Ke4 Rc3 46. Kf4
Rb3 47. Rc4 Kh5 48. Ke4 Kg5 49. Kd4 Kf5 50. Kc5 Rxf3 51. b5 Kxe5 52. b6 Rb3 53.
Kc6 f5 54. Rc5+ Ke4 55. Rb5 Rh3 56. b7 Rh8 57. b8=Q Rxb8 58. Rxb8 f4 59. Kd6 f3
60. Kxe6 f2 61. Rb1 Kf3 62. Kf5 Kg2 63. Kg4 f1=Q 64. Rxf1 Kxf1 1/2-1/2

[Event "25th European Teams Women"]
[Site "Batumi GEO"]
[Date "2025.10.09"]
[Round "5.3"]
[Board "3"]
[White "Zhukova, Natalia"]
[Black "Toncheva, Nadya"]
[Result "1-0"]
[WhiteTitle "GM"]
[BlackTitle "FM"]
[WhiteElo "2305"]
[BlackElo "2332"]
[WhiteTeam "Ukraine"]
[BlackTeam "Bulgaria"]
[WhiteFideId "14101513"]
[BlackFideId "2924056"]
[EventDate "2025.10.05"]

1. c4 c5 2. Nf3 Nc6 3. d4 cxd4 4. Nxd4 e6 5. Nc3 Nf6 6. a3 Be7 7. e4 O-O 8. Be2
b6 9. O-O Bb7 10. Bf4 d6 11. Nxc6 Bxc6 12. Qc2 Qc7 13. Rfd1 Rfd8 14. Rd2 Qb7 15.
Bf3 Rac8 16. Rad1 Ne8 17. Qb3 h6 18. h3 Bg5 19. Bxg5 hxg5 20. Nb5 Bxb5 21. Qxb5
Rc5 22. Qa4 Qc7 23. Be2 Nf6 24. b4 Re5 25. f3 Nh5 26. Qb3 Kf8 27. Kf2 g6 28. Qe3
Qe7 29. Rd4 f5 30. Qc3 Qf6 31. Rxd6 Rxd6 32. Rxd6 fxe4 33. Qd4 Kg7 34. Rd7+ Kh6
35. Rf7 Qxf7 36. Qxe5 Nf6 37. Ke1 exf3 38. Bxf3 Qe7 39. c5 bxc5 40. bxc5 Kh7 41.
Qxg5 Qd8 42. c6 Qd4 43. Qd2 Qc5 44. Qb4 Qe5+ 45. Kf2 Kg8 46. Qc4 Ne8 47. Qd3
Qc5+ 48. Qe3 Qe7 49. Kg1 Kf7 50. Be4 Nd6 51. Qf3+ Kg7 52. Qc3+ e5 53. Qc5 Kf6
54. c7 Qd7 55. Bf3 e4 56. Bg4 Qe7 57. Qd4+ Kf7 58. c8=Q Nxc8 59. Bxc8 Qxa3 60.
Bg4 e3 61. Kh2 a5 62. Be2 Kg8 63. Bd3 Qe7 64. Qd5+ Kg7 65. Qd4+ Kh7 66. Be2 Qc7+
67. g3 Qe7 68. Kg2 Qb7+ 69. Bf3 Qb3 70. Be2 Qb7+ 71. Kh2 Qe7 72. h4 Qa3 73. Qd3
Qxd3 74. Bxd3 a4 75. Kg2 a3 76. Bc4 Kh6 77. g4 e2 78. Kf2 g5 79. h5 1-0

[Event "25th European Teams Women"]
[Site "Batumi GEO"]
[Date "2025.10.09"]
[Round "5.3"]
[Board "4"]
[White "Radeva, Viktoria"]
[Black "Piddubna, Bozhena"]
[Result "0-1"]
[WhiteTitle "WGM"]
[BlackTitle "WFM"]
[WhiteElo "2292"]
[BlackElo "2265"]
[WhiteTeam "Bulgaria"]
[BlackTeam "Ukraine"]
[WhiteFideId "2915405"]
[BlackFideId "34109293"]
[EventDate "2025.10.05"]

1. e4 e5 2. Nf3 Nc6 3. Nc3 Nf6 4. h3 Bb4 5. a3 Bxc3 6. dxc3 h6 7. Bd3 d6 8. Be3
Be6 9. Qe2 Qe7 10. O-O-O Nd7 11. Kb1 Nb6 12. Rhe1 O-O-O 13. Bb5 Bd7 14. Nd2 Nb8
15. Bd3 Be6 16. Nb3 f6 17. Na5 Rhe8 18. f4 c6 19. f5 Bg8 20. c4 Qc7 21. g4 N8d7
22. Nb3 Kb8 23. h4 d5 24. cxd5 cxd5 25. exd5 Bxd5 26. Qf2 a6 27. Nc5 Nxc5 28.
Bxc5 Na4 29. Ba7+ Ka8 30. c4 Bxc4 31. Be4 Bb3 32. Rc1 Qf7 33. g5 hxg5 34. hxg5
fxg5 35. f6 gxf6 36. Rc6 Bd5 37. Rxf6 Bxe4+ 38. Ka1 Qb3 39. Bb6 Rd1+ 40. Rxd1
Qxd1+ 0-1

[Event "25th European Teams Women"]
[Site "Batumi GEO"]
[Date "2025.10.09"]
[Round "5.4"]
[Board "1"]
[White "Fataliyeva, Ulviyya"]
[Black "Tsolakidou, Stavroula"]
[Result "1/2-1/2"]
[WhiteTitle "IM"]
[BlackTitle "IM"]
[WhiteElo "2410"]
[BlackElo "2453"]
[WhiteTeam "Azerbaijan"]
[BlackTeam "Greece"]
[WhiteFideId "13403052"]
[BlackFideId "4264312"]
[EventDate "2025.10.05"]

1. d4 Nf6 2. Nf3 e6 3. c4 d5 4. g3 Be7 5. Bg2 O-O 6. O-O dxc4 7. Qa4 c6 8. Qxc4
b5 9. Qc2 Bb7 10. Rd1 Nbd7 11. Nc3 Qb6 12. a4 b4 13. a5 Qa6 14. Ne4 Nxe4 15.
Qxe4 c5 16. Qd3 c4 17. Qc2 Nf6 18. Ne5 Bxg2 19. Kxg2 Rac8 20. Bd2 Rc7 21. Rdc1
Rfc8 22. Be1 Qb7+ 23. Kg1 h5 24. e3 Bd6 25. a6 Qd5 26. Qe2 c3 27. bxc3 bxc3 28.
Nd3 c2 29. Ba5 Rc4 30. Ne1 e5 31. Rxc2 exd4 32. exd4 h4 33. Rxc4 Rxc4 34. Qf3
Qxd4 35. Rd1 Qc5 36. Bd2 hxg3 37. hxg3 Ng4 38. Bf4 Bxf4 39. Rd8+ Kh7 40. Qxg4
Bh6 41. Qe2 Rc1 42. Qe4+ f5 43. Qe6 Be3 1/2-1/2

[Event "25th European Teams Women"]
[Site "Batumi GEO"]
[Date "2025.10.09"]
[Round "5.4"]
[Board "2"]
[White "Avramidou, Anastasia"]
[Black "Beydullayeva, Govhar"]
[Result "1/2-1/2"]
[WhiteTitle "FM"]
[BlackTitle "WGM"]
[WhiteElo "2316"]
[BlackElo "2362"]
[WhiteTeam "Greece"]
[BlackTeam "Azerbaijan"]
[WhiteFideId "4239873"]
[BlackFideId "13413015"]
[EventDate "2025.10.05"]

1. e4 e5 2. Nf3 Nc6 3. d4 exd4 4. Nxd4 Nf6 5. Nxc6 bxc6 6. Nd2 Bc5 7. Nb3 Nxe4
8. Nxc5 Nxc5 9. Be3 Qe7 10. Qd4 Ne6 11. Qc3 a5 12. O-O-O Qb4 13. Bd2 Qxc3 14.
Bxc3 O-O 15. g3 d6 16. f4 f5 17. Bg2 Bd7 18. Rhe1 Rfe8 19. Bh3 g6 20. Re3 Kf7
21. Bg2 Nc5 22. Rde1 Rxe3 23. Rxe3 a4 24. Bb4 Ne6 25. Ra3 Ra7 26. Bd2 Nd4 27.
Be3 c5 28. Rd3 Bc6 29. Bxd4 Bxg2 30. Bf2 Ra8 31. Ra3 Re8 32. Kd2 Bf1 33. Be3 Bb5
34. c4 Bxc4 35. Rxa4 Bd5 36. Ra7 Re7 37. a3 Ke6 38. b4 cxb4 39. axb4 Bc4 40. Kc3
Bb5 41. Bd4 Kd5 42. Bb6 Kc6 43. Ba5 d5 44. h4 Bf1 45. Ra8 Re3+ 46. Kd2 Rxg3 47.
Rc8 Rg2+ 48. Kc3 Rg3+ 49. Kd2 h5 50. Rxc7+ Kd6 51. Rc8 Bc4 52. Bb6 Rh3 53. Rg8
Rh2+ 54. Kc3 Rh3+ 55. Kd2 Rg3 56. Rc8 Rg4 57. Rg8 Rxf4 58. Rxg6+ Kd7 59. Rg5
Rxh4 60. Rxf5 Rh2+ 61. Ke3 h4 62. Rh5 h3 63. Kf4 Kc6 64. Bc5 Bf1 65. Kg3 Rb2 66.
Rh6+ Kb5 67. Rh5 Rb3+ 68. Kh2 Bg2 69. Rh4 Rb1 70. Kg3 Rc1 71. Kh2 Rc4 72. Rh5
Rg4 73. Rh8 Kc4 74. Rc8 d4 75. Be7+ Kb3 76. Rd8 Bf1 77. b5 Rg2+ 78. Kxh3 Rg7+
79. Kh2 Rxe7 80. Rxd4 Bxb5 81. Kg3 Kc3 82. Rd8 Rf7 83. Kg4 Kc4 84. Kg5 Bc6 85.
Rd6 Be4 86. Rf6 Rg7+ 87. Kf4 Kd4 88. Rf8 Rg2 89. Rd8+ Bd5 90. Re8 Rf2+ 91. Kg5
Be4 92. Rd8+ Ke3 93. Re8 Rf5+ 94. Kg4 Rf6 95. Re5 Rg6+ 96. Rg5 Rd6 97. Re5 Rh6
98. Re7 Rg6+ 99. Kh5 Rg1 100. Kh6 Kf4 101. Rf7+ Bf5 102. Rf8 Rg6+ 103. Kh7 Rg1+
104. Kh8 Ke5 105. Ra8 Kf6 106. Rf8+ Ke6 107. Re8+ Kd6 108. Rd8+ Bd7 109. Rg8
Rh1+ 110. Kg7 Ke7 111. Ra8 Rg1+ 112. Kh6 Be6 113. Kh5 Kf6 114. Rf8+ Ke5 115. Kh6
Bf5 116. Re8+ Be6 117. Rf8 Rg3 118. Kh7 Bf5+ 119. Kh8 Rh3+ 120. Kg8 Ke6 121. Kg7
Rh7+ 122. Kg8 Rc7 123. Kh8 Bg6 124. Kg8 Bf7+ 125. Kg7 Ra7 126. Rb8 Be8+ 127. Kh6
Kf7 128. Kg5 Ra5+ 129. Kf4 Ra4+ 130. Ke5 Ra5+ 1/2-1/2

[Event "25th European Teams Women"]
[Site "Batumi GEO"]
[Date "2025.10.09"]
[Round "5.4"]
[Board "3"]
[White "Mammadova, Gulnar"]
[Black "Pavlidou, Ekaterini"]
[Result "1-0"]
[WhiteTitle "IM"]
[BlackTitle "WIM"]
[WhiteElo "2323"]
[BlackElo "2217"]
[WhiteTeam "Azerbaijan"]
[BlackTeam "Greece"]
[WhiteFideId "13403508"]
[BlackFideId "4213262"]
[EventDate "2025.10.05"]

1. e4 c5 2. Nf3 Nc6 3. Bb5 e6 4. Bxc6 bxc6 5. d3 Qc7 6. O-O e5 7. c3 d6 8. d4
Nf6 9. Re1 Be7 10. dxe5 dxe5 11. Na3 Nd7 12. Nc4 Ba6 13. Ne3 g6 14. Qa4 Bd3 15.
Nc4 O-O 16. Qa5 Qc8 17. Ncxe5 Nxe5 18. Nxe5 Bc2 19. Be3 Qe6 20. Nf3 Rfb8 21. b3
Rb5 22. Qa4 Bd3 23. c4 Rb7 24. Qa3 Bxe4 25. Bxc5 Bf6 26. Bd4 Be7 27. Qb2 f5 28.
Nd2 c5 29. Bh8 Bg5 30. Rad1 Rd8 31. f4 Be7 32. Qg7# 1-0

[Event "25th European Teams Women"]
[Site "Batumi GEO"]
[Date "2025.10.09"]
[Round "5.4"]
[Board "4"]
[White "Grapsa, Georgia"]
[Black "Allahverdiyeva, Ayan"]
[Result "1-0"]
[WhiteTitle "WFM"]
[BlackTitle "WIM"]
[WhiteElo "2086"]
[BlackElo "2220"]
[WhiteTeam "Greece"]
[BlackTeam "Azerbaijan"]
[WhiteFideId "4206436"]
[BlackFideId "13412590"]
[EventDate "2025.10.05"]

1. d4 Nf6 2. c4 e6 3. g3 d5 4. Nf3 Bb4+ 5. Bd2 Bd6 6. Nc3 O-O 7. Bg5 c6 8. Bg2
h6 9. Bxf6 Qxf6 10. c5 Bc7 11. O-O b6 12. b4 bxc5 13. bxc5 e5 14. dxe5 Qe6 15.
e4 d4 16. Qxd4 Nd7 17. Nd5 Bb8 18. Nf4 Qe8 19. e6 fxe6 20. e5 Rf7 21. Rfe1 a5
22. Nd2 Qe7 23. Bxc6 Ra6 24. Bb5 Nxc5 25. Rac1 Ba7 26. Ne4 Qb7 27. Rxc5 Bxc5 28.
Qxc5 Ra7 29. Nd6 Qc7 30. Qe3 1-0

[Event "25th European Teams Women"]
[Site "Batumi GEO"]
[Date "2025.10.09"]
[Round "5.5"]
[Board "1"]
[White "Houska, Jovanka"]
[Black "Khademalsharieh, Sarasadat"]
[Result "1/2-1/2"]
[WhiteTitle "IM"]
[BlackTitle "IM"]
[WhiteElo "2342"]
[BlackElo "2444"]
[WhiteTeam "England"]
[BlackTeam "Spain"]
[WhiteFideId "405094"]
[BlackFideId "12512214"]
[EventDate "2025.10.05"]

1. d4 Nf6 2. c4 e6 3. Nc3 Bb4 4. Nf3 b6 5. Bd2 Bb7 6. g3 O-O 7. Bg2 d6 8. O-O
Nbd7 9. a3 Bxc3 10. Bxc3 Ne4 11. Rc1 a5 12. b3 Nxc3 13. Rxc3 Nf6 14. Qc1 Qe7 15.
Rd1 h6 16. Ne1 Bxg2 17. Nxg2 e5 18. dxe5 Qxe5 19. Nf4 Rfe8 20. Rc2 Qf5 21. f3
Re3 22. Qxe3 Qxc2 23. Rc1 Qf5 24. Nd5 Nxd5 25. cxd5 Rc8 26. Qd2 Re8 27. Rxc7
Qb1+ 28. Qc1 Qxb3 29. Rc8 Rxc8 30. Qxc8+ Kh7 31. Qf5+ Kg8 32. Qc8+ Kh7 33. Qf5+ 1/2-1/2

[Event "25th European Teams Women"]
[Site "Batumi GEO"]
[Date "2025.10.09"]
[Round "5.5"]
[Board "2"]
[White "Vega Gutierrez, Sabrina"]
[Black "Yao, Lan"]
[Result "1/2-1/2"]
[WhiteTitle "IM"]
[BlackTitle "WGM"]
[WhiteElo "2362"]
[BlackElo "2316"]
[WhiteTeam "Spain"]
[BlackTeam "England"]
[WhiteFideId "2219026"]
[BlackFideId "8610835"]
[EventDate "2025.10.05"]

1. e4 c5 2. Nf3 d6 3. d4 cxd4 4. Nxd4 Nf6 5. Nc3 a6 6. f3 e5 7. Nb3 Be6 8. Be3
h5 9. Nd5 Bxd5 10. exd5 Nbd7 11. Qd2 g6 12. O-O-O Nb6 13. Kb1 Nbxd5 14. Bg5 Be7
15. a3 Rc8 16. g3 Qc7 17. Bh3 Rd8 18. Qa5 Qc6 19. Rhe1 O-O 20. f4 Rfe8 21. f5
Nb6 22. fxg6 fxg6 23. Qb4 d5 24. Qh4 Qd6 25. Nd4 Nh7 26. Be6+ Kh8 27. Bxe7 Qxe7
28. Rxe5 Qxh4 29. gxh4 Re7 30. b3 Rde8 31. Rde1 Nf6 32. Kb2 Nbd7 33. R5e2 Nf8
34. a4 Nxe6 35. Rxe6 Rxe6 36. Rxe6 Rxe6 37. Nxe6 Ng4 38. Kc3 Nxh2 39. Ng5 Kg7
40. Kd4 Nf1 41. Ke5 Ne3 42. c3 a5 43. Nf3 Nd1 44. Kxd5 Nxc3+ 45. Kc4 Ne2 46. Kb5
Nc1 47. Nd2 g5 48. hxg5 h4 49. Nf3 h3 50. Kxa5 Nxb3+ 51. Kb6 Kg6 52. Kxb7 Nc5+
53. Kc6 Nxa4 54. Kd5 h2 55. Nxh2 Kxg5 1/2-1/2

[Event "25th European Teams Women"]
[Site "Batumi GEO"]
[Date "2025.10.09"]
[Round "5.5"]
[Board "3"]
[White "Hunt, Harriet V"]
[Black "Matnadze Bujiashvili, Ann"]
[Result "1/2-1/2"]
[WhiteTitle "IM"]
[BlackTitle "IM"]
[WhiteElo "2284"]
[BlackElo "2321"]
[WhiteTeam "England"]
[BlackTeam "Spain"]
[WhiteFideId "403512"]
[BlackFideId "13601377"]
[EventDate "2025.10.05"]

1. e4 c5 2. Nf3 Nc6 3. Bb5 g6 4. O-O Bg7 5. Re1 e5 6. d3 Nge7 7. a4 O-O 8. Nc3
h6 9. Nd5 d6 10. c3 Nxd5 11. exd5 Ne7 12. Bc4 Bg4 13. h3 Bxf3 14. Qxf3 f5 15.
Rb1 Kh7 16. b4 cxb4 17. Rxb4 Qc7 18. Bd2 b6 19. Ba2 Ng8 20. Reb1 Nf6 21. Qe3 e4
22. a5 f4 23. Qe2 f3 24. gxf3 exd3 25. Qxd3 Nd7 26. f4 Nc5 27. Qg3 bxa5 28. Rc4
Qf7 29. Qg2 Rab8 30. Be3 Qf5 31. Rxb8 Rxb8 32. Bxc5 dxc5 33. Rxc5 Rb2 34. Bc4
Rb1+ 35. Bf1 Qxf4 36. Rxa5 Be5 37. Rxa7+ Kh8 38. Ra8+ Kg7 39. Ra7+ Kh8 40. Ra8+
Kg7 1/2-1/2

[Event "25th European Teams Women"]
[Site "Batumi GEO"]
[Date "2025.10.09"]
[Round "5.5"]
[Board "4"]
[White "Calzetta Ruiz, Monica"]
[Black "Mirzoeva, Elmira"]
[Result "1/2-1/2"]
[WhiteTitle "WGM"]
[BlackTitle "WGM"]
[WhiteElo "2221"]
[BlackElo "2300"]
[WhiteTeam "Spain"]
[BlackTeam "England"]
[WhiteFideId "2204185"]
[BlackFideId "4127951"]
[EventDate "2025.10.05"]

1. e4 c6 2. d4 d5 3. exd5 cxd5 4. c4 Nc6 5. cxd5 Qxd5 6. Nf3 Bg4 7. Be2 e6 8.
O-O Nf6 9. Nc3 Qd6 10. Be3 Be7 11. Qb3 O-O 12. Rfd1 Nb4 13. Rac1 Nbd5 14. Nxd5
Nxd5 15. Rc4 Qb6 16. Qxb6 axb6 17. a4 Bd6 18. h3 Bh5 19. Kf1 f6 20. Ne1 Be8 21.
b3 b5 22. axb5 Ra3 23. Rb1 Bxb5 24. Rc2 Bc6 25. Bc1 Ra7 26. Nd3 Rfa8 27. Bd2 Nc7
28. Rbc1 Nb5 29. Be3 Ra3 30. Nc5 Bxc5 31. Rxc5 Nc7 32. Bc4 Kf7 33. b4 Ne8 34. b5
Be4 35. d5 b6 36. dxe6+ Ke7 37. Bd5 Bxd5 38. Rxd5 Kxe6 39. Rh5 Ra1 40. Rxa1
Rxa1+ 41. Ke2 h6 42. Bxb6 Rb1 43. Bd4 Nc7 44. b6 Nd5 45. Rh4 Nxb6 46. Bxb6 1/2-1/2

[Event "25th European Teams Women"]
[Site "Batumi GEO"]
[Date "2025.10.09"]
[Round "5.6"]
[Board "1"]
[White "Mkrtchian, Lilit"]
[Black "Kosteniuk, Alexandra"]
[Result "1/2-1/2"]
[WhiteTitle "IM"]
[BlackTitle "GM"]
[WhiteElo "2377"]
[BlackElo "2469"]
[WhiteTeam "Armenia"]
[BlackTeam "Switzerland"]
[WhiteFideId "13300601"]
[BlackFideId "4128125"]
[EventDate "2025.10.05"]

1. c4 e5 2. Nc3 Nf6 3. Nf3 e4 4. Ng5 c6 5. Qa4 Qe7 6. c5 Qxc5 7. Ngxe4 Nxe4 8.
Qxe4+ Qe7 9. Qxe7+ Bxe7 10. d4 d5 11. Bf4 Bf5 12. e3 Nd7 13. Be2 Nf6 14. O-O Ne4
15. Nxe4 Bxe4 16. f3 Bg6 17. Rfd1 Kd7 18. Bd3 Bd6 19. Bxg6 hxg6 20. Bxd6 Kxd6
21. h3 Rhe8 22. Kf2 a5 23. Rd3 a4 24. Rc1 Ra5 25. Rc2 Ra6 26. Ra3 Raa8 27. Rac3
Ra5 28. Ra3 Raa8 29. Rac3 Ra5 30. Ra3 Raa8 1/2-1/2

[Event "25th European Teams Women"]
[Site "Batumi GEO"]
[Date "2025.10.09"]
[Round "5.6"]
[Board "2"]
[White "Manko, Mariia"]
[Black "Mkrtchyan, Mariam"]
[Result "0-1"]
[WhiteTitle "WIM"]
[BlackTitle "WIM"]
[WhiteElo "2298"]
[BlackElo "2318"]
[WhiteTeam "Switzerland"]
[BlackTeam "Armenia"]
[WhiteFideId "14199220"]
[BlackFideId "13310828"]
[EventDate "2025.10.05"]

1. d4 d5 2. c4 c6 3. Nf3 Nf6 4. g3 g6 5. Bg2 Bg7 6. O-O O-O 7. Qb3 a5 8. cxd5 a4
9. Qd1 Nxd5 10. e4 Nc7 11. e5 Nd7 12. Nc3 Nb6 13. Re1 Bf5 14. Ne4 Ne6 15. h3 a3
16. bxa3 Na4 17. Neg5 Nxg5 18. Bxg5 Qd7 19. Qc1 Rfc8 20. g4 Be6 21. Qe3 Rd8 22.
Rab1 Bxa2 23. Rb4 Bd5 24. Nd2 Bxg2 25. Kxg2 c5 26. Rbb1 cxd4 27. Qf3 b5 28. Nb3
Nc3 29. e6 fxe6 30. Nc5 Qd5 31. Nxe6 Nxb1 32. Nxd8 Rxd8 33. Bxe7 Nd2 34. Qxd5+
Rxd5 35. Bb4 Nc4 36. Re8+ Kf7 37. Re7+ Kf6 38. f4 h6 39. h4 Nd6 40. Rd7 Bf8 0-1

[Event "25th European Teams Women"]
[Site "Batumi GEO"]
[Date "2025.10.09"]
[Round "5.6"]
[Board "3"]
[White "Danielian, Elina"]
[Black "Hryzlova, Sofiia"]
[Result "1-0"]
[WhiteTitle "GM"]
[BlackTitle "WIM"]
[WhiteElo "2410"]
[BlackElo "2309"]
[WhiteTeam "Armenia"]
[BlackTeam "Switzerland"]
[WhiteFideId "13300210"]
[BlackFideId "14174669"]
[EventDate "2025.10.05"]

1. d4 d5 2. c4 e6 3. Nc3 Nf6 4. cxd5 exd5 5. Bg5 Be7 6. e3 O-O 7. Bd3 h6 8. Bh4
Re8 9. Nge2 c6 10. O-O Nbd7 11. f3 Nf8 12. Bf2 Ne6 13. Qd2 Bd7 14. Rad1 b5 15.
Kh1 b4 16. Na4 Qa5 17. b3 c5 18. Nxc5 Nxc5 19. dxc5 Bxc5 20. Rfe1 Qb6 21. Ng3
Re5 22. Rc1 Rae8 23. Nf1 Bb5 24. Rc2 Bxd3 25. Qxd3 Bd4 26. Qxd4 Qxd4 27. exd4
Rxe1 28. Bxe1 Rxe1 29. Kg1 Rd1 30. Kf2 Rxd4 31. Ke2 Rh4 32. Rc8+ Kh7 33. Rc7 a5
34. Ra7 Ne8 35. Rxa5 Nc7 36. g3 Rd4 37. Ne3 Ne6 38. Nc2 1-0

[Event "25th European Teams Women"]
[Site "Batumi GEO"]
[Date "2025.10.09"]
[Round "5.6"]
[Board "4"]
[White "Hakimifard, Ghazal"]
[Black "Gaboyan, Susanna"]
[Result "1-0"]
[WhiteTitle "WGM"]
[BlackTitle "WIM"]
[WhiteElo "2206"]
[BlackElo "2165"]
[WhiteTeam "Switzerland"]
[BlackTeam "Armenia"]
[WhiteFideId "12506540"]
[BlackFideId "13303627"]
[EventDate "2025.10.05"]

1. e4 c5 2. Nf3 Nc6 3. Bb5 g6 4. O-O Bg7 5. Re1 e5 6. Bxc6 dxc6 7. a4 g5 8. d4
cxd4 9. Bxg5 Qd6 10. c3 c5 11. b4 Ne7 12. bxc5 Qxc5 13. cxd4 exd4 14. e5 Nc6 15.
Nbd2 Be6 16. Ne4 Qd5 17. Bf6 Kf8 18. Qc1 Bxf6 19. Nxf6 Qc4 20. Qh6+ Ke7 21. Rec1
Qd3 22. Qh4 Kf8 23. Rab1 b6 24. Ng5 h6 25. Nxe6+ fxe6 26. Nd5 Qf5 27. Rb3 Qg5
28. Rf3+ Ke8 29. Qxg5 hxg5 30. Nf6+ Ke7 31. Rxc6 Rac8 32. Rxc8 Rxc8 33. Kf1 Rc5
34. Ng8+ Ke8 35. Rd3 Rc4 36. Ra3 Rc5 37. Nf6+ Ke7 38. Ng4 Ra5 39. Ke2 b5 40. Kd3
b4 41. Ra1 b3 42. Rb1 Rxa4 43. Rxb3 a5 44. Rb7+ Kf8 45. Nf6 Ra2 46. Ne4 a4 47.
Kxd4 a3 48. Ra7 Ra1 49. Nxg5 a2 50. Nxe6+ Kg8 51. Kc3 Rc1+ 52. Kb2 Rf1 53. Rxa2 1-0

[Event "25th European Teams Women"]
[Site "Batumi GEO"]
[Date "2025.10.09"]
[Round "5.7"]
[Board "1"]
[White "Bulmaga, Irina"]
[Black "Efroimski, Marsel"]
[Result "1/2-1/2"]
[WhiteTitle "IM"]
[BlackTitle "IM"]
[WhiteElo "2396"]
[BlackElo "2380"]
[WhiteTeam "Romania"]
[BlackTeam "Israel"]
[WhiteFideId "13903063"]
[BlackFideId "2810964"]
[EventDate "2025.10.05"]

1. e4 e6 2. d4 d5 3. Nc3 Nf6 4. e5 Nfd7 5. f4 c5 6. Nf3 Nc6 7. Be3 cxd4 8. Nxd4
Qb6 9. Qd2 Qxb2 10. Rb1 Qa3 11. Bb5 Nxd4 12. Bxd4 a6 13. Bxd7+ Bxd7 14. Rb3 Qe7
15. Rxb7 Qd8 16. O-O Qc8 17. Rb3 Bc5 18. Rf2 Qc6 19. Ne2 O-O 20. Rg3 Bxd4 21.
Nxd4 Qb6 22. h3 Rac8 23. Kh2 Rc4 24. c3 Kh8 25. Rff3 Qd8 26. Rg5 Qe7 27. Rfg3 g6
28. h4 Rb8 29. h5 Rcc8 30. hxg6 fxg6 31. Qd3 Rf8 32. R5g4 Bb5 33. Qe3 Rf7 34.
Rh3 Rg7 35. Rh6 Be8 36. Nf3 Bf7 37. Ng5 Bg8 38. Qd3 a5 39. Nf3 Qe8 40. Nh4 Bf7
41. Qg3 Qf8 42. Qh3 Kg8 43. Nf3 Kh8 44. Qh4 a4 45. Qf6 Bg8 46. Nh4 Bf7 47. Rgxg6
Kg8 48. Rg5 Rxg5 49. fxg5 Qg7 50. Qf4 a3 51. Rf6 Rb2 52. Qg4 Rxa2 53. g6 hxg6
54. Nxg6 Rb2 55. Ne7+ Kf8 56. Ng6+ Kg8 57. Ne7+ Kf8 58. Ng6+ Ke8 1/2-1/2

[Event "25th European Teams Women"]
[Site "Batumi GEO"]
[Date "2025.10.09"]
[Round "5.7"]
[Board "2"]
[White "Orian, Noga"]
[Black "Cosma, Elena-Luminita"]
[Result "1/2-1/2"]
[WhiteTitle "WIM"]
[BlackTitle "WGM"]
[WhiteElo "2235"]
[BlackElo "2237"]
[WhiteTeam "Israel"]
[BlackTeam "Romania"]
[WhiteFideId "2836475"]
[BlackFideId "1201590"]
[EventDate "2025.10.05"]

1. d4 d5 2. c4 e6 3. Nf3 Nf6 4. g3 Bb4+ 5. Nbd2 dxc4 6. Bg2 O-O 7. Qc2 a5 8. a3
Bxd2+ 9. Bxd2 b5 10. a4 b4 11. Ne5 c6 12. Nxc4 Ba6 13. Rc1 Qxd4 14. Nxa5 Bxe2
15. Be3 Qd3 16. Nxc6 Qxc2 17. Rxc2 Bd3 18. Nxb4 Bxc2 19. Bxa8 Bxa4 20. O-O Nbd7
21. Bc6 Bxc6 22. Nxc6 Nd5 23. Rd1 Nb8 24. Nxb8 Rxb8 25. Bd4 f6 26. h4 Rb4 27.
Kf1 Kf7 28. Ke2 e5 29. Bc3 Nxc3+ 30. bxc3 Rb7 31. Rd2 Ke6 32. Kd1 h5 33. Kc2 g5
34. Rd3 Ra7 35. Kb3 Rb7+ 36. Kc2 Ra7 37. Kb3 Rb7+ 38. Kc2 Ra7 1/2-1/2

[Event "25th European Teams Women"]
[Site "Batumi GEO"]
[Date "2025.10.09"]
[Round "5.7"]
[Board "3"]
[White "Sandu, Mihaela"]
[Black "Kochavi, Dana"]
[Result "1/2-1/2"]
[WhiteTitle "WGM"]
[BlackTitle "FM"]
[WhiteElo "2203"]
[BlackElo "2168"]
[WhiteTeam "Romania"]
[BlackTeam "Israel"]
[WhiteFideId "1204327"]
[BlackFideId "2837137"]
[EventDate "2025.10.05"]

1. e4 c6 2. d4 d5 3. e5 c5 4. Nf3 cxd4 5. Qxd4 Nc6 6. Qf4 g6 7. Nc3 d4 8. Nb5
Bh6 9. Qh4 Bxc1 10. Rxc1 a6 11. Nbxd4 Qa5+ 12. c3 Nxe5 13. Be2 Nxf3+ 14. Bxf3
Qe5+ 15. Be2 g5 16. Qg3 Qf4 17. Rd1 e5 18. Nf3 f6 19. Nd2 Qxg3 20. hxg3 Be6 21.
Ne4 Ke7 22. Nc5 b5 23. Bf3 Ra7 24. Nxe6 Kxe6 25. Rd8 Kf7 26. Ke2 f5 27. Rhd1 e4
28. Bh5+ Kg7 29. R1d7+ Rxd7 30. Rxd7+ Kh6 31. Bf7 Nf6 32. Ra7 Kg7 33. Bb3+ Kg6
34. Bf7+ Kg7 35. Bb3+ Kg6 36. Rxa6 h5 37. a4 bxa4 38. Bxa4 h4 39. gxh4 gxh4 40.
f3 exf3+ 41. Kxf3 Kg5 42. Bc6 Ng4 43. Ra8 Ne5+ 44. Ke2 Rh6 45. Bd5 Rd6 46. c4
Rb6 47. Ke3 Rxb2 48. Rg8+ Kf6 49. Rf8+ Kg5 50. Rg8+ Kf6 51. Rf8+ Kg5 52. Rg8+ 1/2-1/2

[Event "25th European Teams Women"]
[Site "Batumi GEO"]
[Date "2025.10.09"]
[Round "5.7"]
[Board "4"]
[White "Tashkinova, Sofiia"]
[Black "Lehaci, Miruna-Daria"]
[Result "0-1"]
[WhiteTitle "WFM"]
[BlackTitle "WIM"]
[WhiteElo "2036"]
[BlackElo "2212"]
[WhiteTeam "Israel"]
[BlackTeam "Romania"]
[WhiteFideId "14188309"]
[BlackFideId "1234765"]
[EventDate "2025.10.05"]

1. e4 c6 2. d4 d5 3. Nc3 dxe4 4. Nxe4 Nf6 5. Nxf6+ exf6 6. c3 Bd6 7. Bd3 O-O 8.
Ne2 Re8 9. Qc2 h6 10. Be3 Nd7 11. c4 Nf8 12. O-O-O b5 13. c5 Bc7 14. d5 cxd5 15.
Bxb5 Re5 16. Nd4 Bd7 17. Be2 Rc8 18. Ba6 Rb8 19. Nf3 Bg4 20. h3 Bxf3 21. gxf3
Rh5 22. f4 Ng6 23. Rd4 Ne7 24. Qe2 Rh4 25. Qf3 Qe8 26. a3 Qc6 27. Bd3 Qxc5+ 28.
Bc2 Rc8 29. Rd2 Qc4 30. Kb1 Ba5 31. Rc1 Qb5 32. Rd3 Qd7 33. Bd4 Bc7 34. Bxf6
Rxf4 35. Qg2 Rxf6 36. Rc3 Bf4 37. Rg1 g6 38. Rf3 Rb8 39. h4 Be5 40. Bb3 Rxf3 41.
Qxf3 Qf5+ 42. Qxf5 Nxf5 43. Kc2 0-1